000 01166nam a2200277 a 4500
008 060424s1999 ||||||||||||||||| || u
020 _a1856496651
020 _a185649666X
050 _aTP 690 Pet
100 _aKarekezi, Stephen
245 1 0 _aPetroleum marketing in Africa : issues in pricing, taxation and investment
260 _aLondon :
_bZed Books
_c1999
300 _axiv, 210 p. : ill.
350 _a0.00
490 _aAfrican energy policy research
650 _aPETROLEUM PRODUCTS--PRICES--AFRICA--CASE STUDIES
650 _aPETROLEUM--AFRICA--MARKETING--CASE STUDIES
650 _aPETROLEUM PRODUCTS-- AFRICA-- MARKETING-- CASE STUDIES
650 _aPETROLEUM INDUSTRY AND TRADE-- GOVERNMENT POLICY--CASE STUDIES
650 _aPETROLEUM--TAXATION--AFRICA--CASE STUDIES
650 _aINVESTMENTS, FOREIGN--AFRICA--CASE STUDIES
700 _aBhagavan, M. R
710 _aAfrican Energy Policy Research Network
856 _uhttp://www.loc.gov/catdir/toc/hol051/2001368318.html
995 _D0.00
_FCBU-MAIN LIBRARY (Kitwe)
_H1
_I0.00
_M1
_UAVAILABLE
_ZMain Library Open Access Collection
999 _c53453
_d53453